banner koha

Pollen morphology and its systematic value to southern South American species of Lepidaploa (Vernonieae: Asteraceae) (Registro n. 337781)

MARC details
000 -LÍDER
fixed length control field 03102nab a2200265 i 4500
003 - CÓDIGO MARC DA AGÊNCIA CATALOGADORA
Campo de controle BR-BrBNA
005 - DATA E HORA DA ÚLTIMA ATUALIZAÇÃO
Campo de controle 20250825125845.0
008 - CAMPO DE TAMANHO FIXO
fixed length control field 250825b2021 bl.ar|pooa||| 00| 0 eng |
040 ## - FONTE DA CATALOGAÇÃO
Agência catalogadora BR-BrBNA
Idioma da catalogação eng
072 ## - CATEGORIA AGRIS
Código AGRIS F63
Código do objeto 3570
100 ## - ENTRADA PRINCIPAL - NOME PESSOAL
Nome pessoal Marques, Danilo
100 ## - ENTRADA PRINCIPAL - NOME PESSOAL
Nome pessoal Pico, Gisela Mariel Via do
100 ## - ENTRADA PRINCIPAL - NOME PESSOAL
Nome pessoal Nakajima, Jimi Naoki
100 ## - ENTRADA PRINCIPAL - NOME PESSOAL
Nome pessoal Dematteis, Massimiliano
245 ## - TÍTULO PRINCIPAL
Título principal Pollen morphology and its systematic value to southern South American species of Lepidaploa (Vernonieae: Asteraceae)
500 ## - NOTA GERAL
Nota geral Publicação on-line; 44 ref.; 4 tables; 7 illus.; Summaries (En, Pt)
942 ## - ADDED ENTRY ELEMENTS (KOHA)
Koha item type Analítica
520 ## - NOTA DE RESUMO
Nota de conteúdo <br/><br/>Abstract<br/><br/>Palynological data have been used in Vernonieae for generic and specific delimitations, particularly in<br/>the Lepidaploinae subtribe. For this reason, pollen studies in the genus Lepidaploa are important to solve<br/>taxonomic conflicts. We characterized 23 species of Lepidaploa searching for morphological differences among<br/>themselves. We then compared the data obtained with other genera of the Lepidaploinae. The results show<br/>that the species have pollen type “C” (with polar lacuna) or “G” (without polar lacuna), oblate-spheroidal,<br/>subprolate or prolate-spheroidal, 3-colporate and equinolophate. The pollen types and shape of pollen grain<br/>are taxonomically useful. Pollen morphology is useful to distinguish species and genera of Lepidaploinae.<br/>Together with macromorphological data it is possible to delimit Lepidaploa and the species studied here.<br/><br/>Key words: Compositae, Lepidaploinae, palynology, Vernonia.<br/><br/><br/><br/><br/>Resumo<br/><br/>Dados palinológicos são usados em Vernonieae para a delimitação de gênero e espécies, principalmente na<br/>subtribo Lepidaploinae. Por este motivo, estudos palinológicos no gênero Lepidaploa são importantes para<br/>solucionar conflitos taxonômicos a nível genérico e específico. Os grãos de pólen de 23 espécies de Lepidaploa<br/>foram caracterizados com o objetivo de buscar diferenças morfológicas entre eles. Além disso, comparamos<br/>o pólen encontrado nestas espécies com o grão de pólen de outros gêneros de Lepidaploinae. Os resultados<br/>demonstraram que as espécies apresentam pólen do tipo “C” (com lacuna polar) ou “G” (sem lacuna polar),<br/>são oblato-esferoidal, subprolato o prolato-esferoidal, 3-colporado e equinolofado. O tipo de grão de pólen<br/>e sua forma foram taxonômicamente úteis. Ambos os caracteres foram utilizados para distinguir gêneros<br/>da subtribo e as espécies de Lepidaploa. Juntamente com a macromorfologia os dados dos grãos de pólen<br/>permitem delimitar os gêneros e espécies estudados.<br/><br/>Palavras-chave: Compositae, Lepidaploinae, palinologia, Vernonia.
650 ## - ASSUNTO - THESAGRO
Cabeçalho tópico ou nome geográfico COMPOSITAE
650 ## - ASSUNTO - THESAGRO
Cabeçalho tópico ou nome geográfico ASSA PEIXE
650 ## - ASSUNTO - THESAGRO
Cabeçalho tópico ou nome geográfico PÓLEN
773 0# - ENTRADA ANALÍTICA
Host Biblionumber 709
Registro do item 357347
Imprenta Rio de Janeiro-RJ Jardim Botanico do Rio de Janeiro 1935
Outro identificador 2025-5311
Título Rodriguésia (Brazil)
ISSN 0370-6583; 2175-7860 on-line
Colação v. 72 p. 1-18; (2021)
Número de controle de registro BR2025001766
856 ## - ACESSO E ENDEREÇO ELETRÔNICO
Identificador uniforme de recurso - URI https://www.scielo.br/j/rod/a/LMrDXjBgrFqjfFSBzdcF7pH/?format=pdf&lang=en

Nenhum exemplar disponível.

BINAGRI

Telefone: (61)3218-2567/2388/3357/2097 - binagri@agro.gov.br

Ministério da Agricultura e Pecuária , Esplanada dos Ministérios, Bloco D, Anexo B, Brasília/DF, CEP: 70.043-900